| 000 | 00567nam a22001697a 4500 | ||
|---|---|---|---|
| 003 | BD-ChCU | ||
| 005 | 20260114101646.0 | ||
| 008 | 260114b bg ||||| |||| 00| 0 ben d | ||
| 040 | _cBD-ChCU | ||
| 082 | _a596 SUG | ||
| 100 |
_aSukhanov , V.B. _919180 |
||
| 245 |
_aGeneral system of symmetrical locomotion of terrestrial vertebrates and some features of movement of Iower tetrapods , tr./ _cV .B. Sukhanov. |
||
| 260 |
_aNew Delhi : _bAmerind pub . _cC 1975 |
||
| 300 | _aviii , 274p | ||
| 650 | 0 |
_aVertebrates . Animals. Zoolozy . _919182 |
|
| 942 |
_2ddc _cBK _n0 |
||
| 999 |
_c111014 _d111014 |
||